California Airports - Statistics

General Stats
  • This quiz has been taken 32 times
  • The average score is 18 of 48
Answer Stats
Airport % Correct
Los Angeles
100%
San Diego
97%
San Francisco
97%
Long Beach
93%
Oakland
93%
Ontario
93%
San Jose
93%
Hollywood Burbank
90%
Fresno Yosemite
87%
Sacramento
83%
John Wayne
73%
Santa Barbara
67%
Palm Springs
63%
Redding
57%
Monterey
53%
Stockton
53%
San Bernardino
50%
March
37%
Merced
37%
Santa Maria
33%
Truckee-Tahoe
30%
Charles M. Schulz-Sonoma County
27%
Van Nuys
27%
Mammoth Yosemite
23%
California Redwood Coast-Humboldt County
20%
San Luis Obispo County
20%
Travis
20%
Del Norte County
17%
El Centro
17%
Hawthorne
17%
Meadows
17%
Imperial County
13%
McClellan-Palomar
13%
Eastern Sierra
10%
Miramar
10%
Napa County
10%
Buchanan Field
7%
Camarillo
7%
Livermore
7%
Moffett
7%
Point Mugu
7%
Southern California Logistics
7%
Jacqueline Cochran
3%
Sacramento Mather
3%
San Carlos
3%
Bermuda Dunes
0%
Brown Field
0%
North Island
0%
No matching quizzes found
Score Distribution
Percent of People with Each Score
Percentile by Number Answered
Your Score History
You have not taken this quiz